Oldest national parks - Statistics

General Stats
  • This quiz has been taken 11 times
    7 since last reset
  • The average score is 5 of 10
Answer Stats
Year established (country) National park % Correct
1885 (Canada) Banff
100%
1872 (U.S.) Yellowstone
100%
1890 (U.S.) Yosemite
100%
1890 (U.S.) Sequoia
60%
1899 (U.S.) Mount Rainier
40%
1783 (Mongolia) Bogd Khan Uul
20%
1879 (Australia) Royal
20%
1887 (New Zealand) Tongariro
20%
1895 (Canada) Waterton Lakes
0%
1886 (Canada) Yoho
0%
No matching quizzes found
Score Distribution
Percent of People with Each Score
Percentile by Number Answered
Your Score History
You have not taken this quiz since the last reset